02095cam a22003495a 4500999001700000001000900017003000900026005001700035008004100052020002500093040004300118082002300161100004400184245007900228250001900307264008500326300004700411336002600458337002800484338002700512500002000539520057900559590001301138650003601151650003601187653003401223655001701257942002701274952014801301952014801449952014801597 c17393d1736516169587EG-ScBUE20200111124252.0100402s2011 enka f b 001 0 eng d a9780415564717 (pbk.) aEG-ScBUEbengerdacEG-ScBUEdEG-ScBUE04a808.06665bBAI2221 aBailey, Stephen,d1947-eauthor.93294810aAcademic writing for international students of business /cStephen Bailey. aFirst edition. 1aMilton Park, Abingdon ;aNew York :bRoutledge, Taylor and Francis Group,c2011. axviii, 317 pages :billustrations ;c25 cm 2rdacontentatextbtxt 2rdamediaaunmediatedbn 2rdacarrieravolumebnc aIncludes index. aAcademic Writing in a Global Context addresses the issue of the pressure on academics worldwide to produce their work in English in scholarly publishing, and why the growth of the use of academic English matters. Drawing on an eight year 'text-ethnographic' study of the experiences of fifty scholars working in Europe, this book discusses these questions at both a macro and micro level - through discussions of knowledge evaluation systems on all levels, and analysis of the progress of a text towards publication. In addition to this, case studies of individual scholars. aMohamed. 7aAcademic writing.2BUEsh932950 7aBusiness writing.2BUEsh932951 bHHUUEENNcMarch2013cJuly2019 vReading book 2ddck808.06665 BAIcBB 00102ddc40708BaccahaMAINbMAINc2NDd2013-03-21epurchasel5m4o808.06665 BAIp000028598r2025-07-15 00:00:00s2018-02-07w2013-03-21yBB 00102ddc40708BaccahaMAINbMAINc2NDd2013-03-21epurchasel4m6o808.06665 BAIp000028599r2025-07-15 00:00:00s2017-04-23w2013-03-21yBB 00102ddc40708BaccahaMAINbMAINc2NDd2013-03-21epurchasel2m4o808.06665 BAIp000028600r2025-07-15 00:00:00s2018-04-16w2013-03-21yBB